University Home | Library Home | Institutional Repository

Genes and Genomes: (Record no. 106113)

MARC details
000 -LEADER
fixed length control field 00516cam a2200169 4500
008 - FIXED-LENGTH DATA ELEMENTS--GENERAL INFORMATION
fixed length control field 080611n 000 0 eng u
035 ## - SYSTEM CONTROL NUMBER
System control number (Sirsi) a155849
050 ## - LIBRARY OF CONGRESS CALL NUMBER
Classification number QH 447 SIN 1991
100 ## - MAIN ENTRY--PERSONAL NAME
Personal name Singer,Maxime
245 ## - TITLE STATEMENT
Title Genes and Genomes:
Remainder of title a Changing perspective/
Statement of responsibility, etc. Maxime,Singer and Paul, Berg
260 ## - PUBLICATION, DISTRIBUTION, ETC.
Place of publication, distribution, etc. Mill,ValleyCalifonia:
Name of publisher, distributor, etc. University Science Books,
Date of publication, distribution, etc. 1991
300 ## - PHYSICAL DESCRIPTION
Extent 929p.
Other physical details ill.
504 ## - BIBLIOGRAPHY, ETC. NOTE
Bibliography, etc. note Inludes Bibliographical References
650 ## - SUBJECT ADDED ENTRY--TOPICAL TERM
Topical term or geographic name entry element Genes
650 ## - SUBJECT ADDED ENTRY--TOPICAL TERM
Topical term or geographic name entry element Genomes
700 ## - ADDED ENTRY--PERSONAL NAME
Personal name Berg,Paul

No items available.

© 2026 - The University of Zambia Library - Koha v25.11